ARMS (Nintendo Switch) playable characters - Statistics

General Stats
  • This quiz has been taken 13 times
  • The average score is 10 of 15
Answer Stats
Answer % Correct
Spring Man
100%
Min Min
92%
Ribbon Girl
92%
Twintelle
92%
Ninjara
77%
Helix
69%
Kid Cobra
62%
Lola Pop
62%
Master Mummy
62%
Max Brass
62%
Mechanica
62%
Byte & Barq
54%
Dr. Coyle
54%
Misango
54%
Springtron
54%
No matching quizzes found
Score Distribution
Percent of People with Each Score
Percentile by Number Answered
Your Score History
You have not taken this quiz